Statistics for Children's Movies by Main Characters

Click here to take the quiz!

General Stats

  • This quiz has been taken 448 times
  • The average score is 19 of 30

Answer Stats

Main CharacterMovie% Correct
Anna, Christoph, OlafFrozen
97%
Ariel, Sebastian, UrsulaThe Little Mermaid
97%
Pumbaa, Mufasa, RafikiThe Lion King
95%
White Rabbit, Mad Hatter, DoorknobAlice in Wonderland
86%
Edna, Frozone, IncrediBoyThe Incredibles
86%
Jiminy Cricket, Monstro, GeppettoPinocchio
85%
Baloo, Shere Khan, KaaThe Jungle Book
85%
Pongo, Jasper, Cruella De Vil101 Dalmatians
84%
Thumper, Flower, FalineBambi
80%
Aurora, Philipp, MerryweatherSleeping Beauty
80%
EVE, Hal, AutoWALL-E
77%
Cindy Lou Who, Max, FredThe Grinch
74%
Remy, Gusteau, EgoRatatouille
73%
Mushu, Cri-Kee, PingMulan
72%
Timothy, Mrs. Jumbo, the RingmasterDumbo
69%
Sally, Mater, Doc HudsonCars
67%
Riley, Fear, Bing BongInside Out
66%
Russell, Kevin, DugUp
65%
Maid Marian, Friar Tuck, Sir HissRobin Hood
63%
Gloria, Melman, SkipperMadagascar
61%
Thomas O'Malley, Duchess, ToulouseAristocats
56%
Mavis, Drac, JonathanHotel Transylvania
49%
Bernard, Bianca, Penny and TeddyThe Rescuers
38%
Buster Moon, Rosita, GunterSing
34%
Snowball, Duke, NormanThe Secret Life of Pets
33%
Blue, Nigel, NicoRio
30%
Arlo, Spot, ButchThe Good Dinosaur
24%
Tim and Theodore TempletonThe Boss Baby
23%
Rosie, Clementine, GilbertCaillou
10%
Satsuki, Mei, KantaMy Neighbour Totoro
8%

Score Distribution

Percentile by Number Answered

Percent of People with Each Score

Your Score History

You have not taken this quiz